| 000 | 01487nam0a22002771 4500 | ||
|---|---|---|---|
| 001 | rc\4376123 | ||
| 005 | 20260407010833.0 | ||
| 021 |
_aRU _b65-2256 |
||
| 035 | _a(NLR Aleph) 008544646 | ||
| 090 |
_a8368700 _c8368700 |
||
| 100 | _a20130416d1964 |||y0rusy50 ca | ||
| 101 | 0 | _arus | |
| 102 | _aRU | ||
| 105 | _aa b ||||| | ||
| 200 | 1 |
_aВопросы применения редких металлов в силикатной промышленности _e[Сборник статей] _fПод ред. канд. техн. наук Н.Н. Ермоленко _gБелорус. респ. правл. Всесоюз. хим. о-ва им. Д.И. Менделеева. Гос. ком. Совета Министров БССР по координации науч.-исслед. работ |
|
| 210 |
_aМинск _cВысш. школа _d1964 |
||
| 215 |
_a58 с. _cчерт. _d20 |
||
| 320 | _aБиблиогр. в конце статей | ||
| 606 |
_aРедкие металлы _xПрименение в стекольном производстве _jСборники _2psbo |
||
| 702 | 1 |
_aЕрмоленко _bН.Н. _gНиколай Никитич _4340 |
|
| 712 | 0 | 2 |
_aВсесоюзное химическое общество им. Д. И. Менделеева _bБелорусское республиканское правление _9493479 _3RU\NLR\AUTH\889998085 |
| 801 | 0 |
_aRU _bNLR _gpsbo |
|
| 801 | 1 |
_aRU _bELAR _2rusmarc |
|
| 852 |
_aNLR _j65-4/1385 |
||
| 942 | _cBOOK | ||
| 980 | _aNB | ||